Statistiken für Länder der Welt nach Städten

Klicken Sie hier um das Quiz zu spielen!

Allgemein

  • Dieses Quiz wurde 215 mal gespielt
  • Das Durchschnittsergebnis liegt bei 15 aus 26

Antwortstatistiken

CityCountry% Korrekt
KopenhagenDänemark
99%
HavannaKuba
94%
GöteborgSchweden
94%
TeheranIran
92%
OsakaJapan
91%
LinzÖsterreich
89%
KathmanduNepal
82%
CórdobaArgentinien | Spanien
71%
Nur-SultanKasachstan
69%
CancúnMexiko
68%
ColomboSri Lanka
65%
DurbanSüdafrika
62%
MombasaKenia
55%
FortalezaBrasilien
53%
AssuanÄgypten
51%
HobartAustralien
48%
LilongweMalawi
46%
LahorePakistan
46%
WarnaBulgarien
39%
GwangjuSüdkorea
33%
SyrakusItalien
28%
BatmanTürkei
25%
PalembangIndonesien
23%
SligoIrland
16%
El CalafateArgentinien
9%
Pointe-NoireRepublik Kongo
9%

Verteilung der Resultate

Perzentil nach korrekt beantworteten Fragen

Anzahl Personen mit jedem Resultat

Ihre Resultats-Entwicklung

Sie haben dieses Quiz noch nicht gespielt